000 aam a22 a 4500
999 _c2864
_d2864
003 AKMAL
005 20170518143120.0
008 170518s1980 enk 00 eng d
040 _aAKMAL
082 0 4 _a658 GAR
090 2 0 _a658
_bGAR
100 1 _aGarrett, John,
_d1941-
_96034
245 1 0 _aManaging the civil service /
_cJohn Garrett
260 _aLondon :
_bHeinemann,
_c1980
300 0 0 _a198p. ;
_c23cm
650 0 _aCivil service
_zUnited States
_96035
942 _2ddc
_cBOOK